<?xml version="1.0" encoding="UTF-8"?><?xml-stylesheet type="text/xsl" href="static/style.xsl"?><OAI-PMH xmlns="http://www.openarchives.org/OAI/2.0/" xmlns:xsi="http://www.w3.org/2001/XMLSchema-instance" xsi:schemaLocation="http://www.openarchives.org/OAI/2.0/ http://www.openarchives.org/OAI/2.0/OAI-PMH.xsd"><responseDate>2026-05-17T18:12:14Z</responseDate><request verb="GetRecord" identifier="oai:recam.amb.cat:20.500.14439/4831" metadataPrefix="marc">https://recam.amb.cat/rest/oai/request</request><GetRecord><record><header><identifier>oai:recam.amb.cat:20.500.14439/4831</identifier><datestamp>2026-05-13T10:24:46Z</datestamp><setSpec>com_20.500.14439_2676</setSpec><setSpec>com_20.500.14439_126</setSpec><setSpec>col_20.500.14439_4829</setSpec></header><metadata><record xmlns="http://www.loc.gov/MARC21/slim" xmlns:dcterms="http://purl.org/dc/terms/" xmlns:xsi="http://www.w3.org/2001/XMLSchema-instance" xmlns:doc="http://www.lyncode.com/xoai" xsi:schemaLocation="http://www.loc.gov/MARC21/slim http://www.loc.gov/standards/marcxml/schema/MARC21slim.xsd">
   <leader>00925njm 22002777a 4500</leader>
   <datafield ind2=" " ind1=" " tag="042">
      <subfield code="a">dc</subfield>
   </datafield>
   <datafield ind2=" " ind1=" " tag="720">
      <subfield code="a">Quiñonero Carrera, Juan José</subfield>
      <subfield code="e">author</subfield>
   </datafield>
   <datafield ind2=" " ind1=" " tag="260">
      <subfield code="c">2023-12-01</subfield>
   </datafield>
   <datafield ind2=" " ind1=" " tag="520">
      <subfield code="a">Des de l’estiu de 1988 es realitza una seguiment de les poblacions de Processionària del pi (Thaumetopoea pityocampa) en diversos punts del parc natural de la serra de Collserola. El seguiment d’aquests es realitza mitjançant captures d’exemplars adults en època de vol emprant trampes de feromona. Aquest any s’ha dut a terme la campanya número 36.</subfield>
   </datafield>
   <datafield ind1="8" ind2=" " tag="024">
      <subfield code="a">Quiñonero Carrera, Juan José. (2023). Memòria anual del seguiment poblacional de la processionària del pi (Thaumetopoea pityocampa) al Parc Natural de la Serra de Collserola. Estudi finançat pel Consorci del Parc Natural de la Serra de Collserola.</subfield>
   </datafield>
   <datafield ind1="8" ind2=" " tag="024">
      <subfield code="a">https://hdl.handle.net/20.500.14439/4831</subfield>
   </datafield>
   <datafield tag="653" ind2=" " ind1=" ">
      <subfield code="a">Lepidòpters</subfield>
   </datafield>
   <datafield ind2="0" ind1="0" tag="245">
      <subfield code="a">Memòria anual del seguiment poblacional de la processionària del PI (Thaumetopoea pityocampa) al parc natural de la Serra de Collserola: campanya 2023</subfield>
   </datafield>
</record></metadata></record></GetRecord></OAI-PMH>